10 Closest Capitals to Norway Quiz Stats

Quiz Updated Mar 30, 2014

Challenge
Share
Tweet
Embed
Score 0/10 Timer 02:00
2 Plays Today
Capital % Correct
Stockholm, Sweden
95.4%
Copenhagen, Denmark
93.5%
Helsinki, Finland
93%
Berlin, Germany
92.6%
Amsterdam, Netherlands
85.8%
Brussels, Belgium
81.2%
Warsaw, Poland
78.9%
Riga, Latvia
69.9%
Tallinn, Estonia
60.8%
Vilnius, Lithuania
57%

You're not logged in!

Compare scores with friends on all Sporcle quizzes.
Join for Free
OR
Log In

You Might Also Like...

Show Comments

Extras

Top Quizzes Today


Score Distribution

Your Account Isn't Verified!

In order to create a playlist on Sporcle, you need to verify the email address you used during registration. Go to your Sporcle Settings to finish the process.

Report this User

Report this user for behavior that violates our Community Guidelines.

Details: